000 00263nam a22001097a 4500
008 170119b xxu||||| |||| 00| 0 eng d
020 _a9780397549849
041 _aeng
080 _24TH
_a618.2
245 _aCOMMUNITY HEALTH NURSING
_cSPRADLEY, B.W
942 _2udc
_cBK
999 _c3195
_d3195